MARC

LEADER 00000nam0a2200000 4500
001 366024
005 20231102011836.0
035 |a (RuTPU)RU\TPU\retro\23387 
090 |a 366024 
100 |a 20220127d1979 km y0rusy50 ca 
101 0 |a rus 
102 |a RU 
105 |a af z 101zy 
200 1 |a Глобальные палеовулканические реконструкции  |e (материалы 3-го Всесоюзного палеовулканологического симпозиума)  |f Академия наук СССР, Сибирское отделение, Институт географии и геофизики ; под ред. И. В. Лучицкого 
210 |a Новосибирск  |c Наука  |d 1979 
215 |a 112 с.  |c ил.  |e Прилож.: 1 вкл. л. карт 
320 |a Библиогр. в конце ст. 
606 1 |a Вулканизм  |2 stltpush  |3 (RuTPU)RU\TPU\subj\3799  |9 32148 
610 1 |a симпозиумы 
610 1 |a палеовулканологические реконструкции 
610 1 |a палеовулканология 
610 1 |a древний вулканизм 
610 1 |a хронологические характеристики 
610 1 |a палеомагнетизм 
610 1 |a докембрий 
610 1 |a палеозой 
610 1 |a петрохимический анализ 
675 |a 551.21(063)  |v 4 
702 1 |a Лучицкий  |b И. В.  |4 340 
712 0 2 |a Академия наук СССР  |b Сибирское отделение  |b Институт географии и геофизики  |2 stltpush  |3 (RuTPU)RU\TPU\col\14012  |9 25858 
712 1 2 |a Глобальные палеовулканические реконструкции  |c симпозиумы  |d 3  |e Новосибирск  |f 1977  |4 570 
801 1 |a RU  |b 63413507  |c 20220127 
942 |c BK